000 00554cam a2200205 4500
001 D1257
008 090401t1974 xxu||||| |||| 00| 0 eng d
035 _a(Sirsi) u97607
041 _aeng
050 _a692.3
100 _aBarnes, N.M.L.
245 4 _aThe measurement of engineering services in buildings
260 _aLondon
_bStandard Method of Measurement Developme
_c1974
350 _a0
520 _aFiled at SMMDU/3
650 _aENGINEERING SERVICES
650 _aMECHANICAL AND ELECTRICAL SERVICES
942 _n0
948 _c04/03/1997
999 _c98963
_d98963